000 00830cam a22002777a 4500
003 CHAP
005 20220329132916.0
008 971013s1985 r 00010 d
010 _a157
011 _a1129
035 _a305
040 _cCHAP
082 _a581.69
_bL3
100 0 0 _aLampe, Keneth.
_964598
245 0 _aAMA handbook of poisonous and injurious plants
260 _aChicago, Ill. :
_bAmerican Medical Association,
_c1985
300 _a432 p.
_b: ilus.
590 _aBATCH-UPD
_b10
_c20130110
_lUCH01
_h0142
590 _aBATCH-UPD
_b10
_c20130110
_lUCH01
_h1710
590 _aCONVERSION
_b10
_c20130109
_lUCH01
_h1302
650 1 4 _aPlantas venenosas.
_989092
700 0 _aMcCann, Mary Ann.
_973368
901 _aBK
942 _cLIBRO
949 _a581.69 L3
_bBC
_cC
_d33724000524286
_eC
_gI.147714
_h76688
_i305
_si
_t141.00
999 _c157
_d157